000
00332nam a2200133Ia 4500
008
240624s9999 xx 000 0 und d
041
_a
eng
082
_a
005.73 HUB
100
_a
HUBBARD JOHN R
245
_a
DATA STRUCTURES WITH JAVA
260
_c
2005
_a
New Delhi
_b
Pearson Education
300
_a
549 : p. : cm. ; 25
365
_c
RS
999
_c
3434
_d
3434